Cargando...
Impact of agricultural development on demographic behaviour /
| Autor principal: | |
|---|---|
| Formato: | Printed Book |
| Lenguaje: | English |
| Publicado: |
Delhi:
Abhinav,
1979.
|
| LEADER | 00490 a2200121 4500 | ||
|---|---|---|---|
| 008 | 100208b ||||| |||| 00| 0 eng d | ||
| 082 | |a 304.63 | ||
| 100 | |a Basu, D. N. | ||
| 245 | |a Impact of agricultural development on demographic behaviour / | ||
| 260 | |b Abhinav, |a Delhi: |c 1979. | ||
| 942 | |c BK | ||
| 999 | |c 312681 |d 312681 | ||
| 952 | |0 0 |1 0 |2 ddc |4 0 |6 304_630000000000000_BAS_IM |7 0 |9 358781 |a ECN |b ECN |c GEN |d 2010-09-07 |e K. P. Bagchi & Co., Calcutta |g 0.00 |i 3192 |l 0 |o 304.63 BAS/IM |p ECN3192 |r 2010-09-07 |w 2010-09-07 |y BK | ||